000 00849nam a2200229Ia 4500
003 GCL
008 140319s9999 xx 000 0 ara d
020 _a9027437977
040 _aGCL /
_cGCL
082 0 4 _a792.09437
_bت ف
100 1 _aهناء عبدالفتاح
245 1 0 _aفضاءات شاينا المسرحية /
_cهناء عبدالفتاح
700 1 _aتارانيينكو، زبيجنييف
700 1 _aدوروتا متولى
260 _aالقاهرة :
_bوزارة الثقافة - مهرجان القاهرة الدولى للمسرح التجريبى ،
_c2006
300 _a371 ص ؛
_c24 سم
650 0 4 _aالمسرحيات البولندية المترجمة
650 0 4 _aيوزيف شاينا
650 0 4 _aالمسرح - بولندا
650 0 4 _aالمسرح - نقد - بولندا
942 _2ddc
_cBK
999 _c9066
_d9066